00759nam a2200217Ia 450000500170000000800460001702000220006303700130008504000200009804100130011808400230013110000140015424500560016826000360022430000140026036500130027454601000028794200210038799900210040895201120042920250508165934.0008 250505s9999 xx 000 0 eng d a978-0-815-34919-8 aTextBook aFEDLbengcFEDL aeng2eng a370.1, COL/RqFEDL aCole Mike 0aMarxism and educational theory : Origins and issues aNew Delhi, IndiabManoharc2008 axx, 181p. aINRb595 aAcc. No. 91956 photocopy and gifted by H.O.D. Namita Ranganathan memory of Prof. Arvind Gaysu cTBh370.1, COL/R c1398296d1398296 00104070aFEDLbFEDLd2025-05-08g595.00l0o370.1, COL/RpEL0091956r2025-05-08 16:59:34w2025-05-08yTB